000 01318nam0a22003011 4500
001 rc\2993135
005 20250530004709.0
035 _a(NLR Aleph) 007137025
090 _a7017122
_c7017122
100 _a20110916d1940 |||y0rusy50 ca
101 0 _arus
102 _aRU
105 _aa z |||||
200 1 _aРыбо-утиное хозяйство в колхозе
_fМ. Гофман и В. Ланшин
_gПод ред. зам. наркома земледелия СССР И.Е. Моисеенко, акад. Е.Ф. Лискуна, нач. Гл. упр. животноводства НКЗ СССР Н.Н. Терентьева
210 _aМосква
_cСельхозгиз
_d1940
_eЛенинград
215 _a112 с.
_cил., черт.
_d17 см
225 1 _aБиблиотечка колхозного животновода
300 _aНа переплете авторы не указаны
700 1 _aГофман
_bМ.Б.
_gМоисей Борисович
701 1 _aЛаншин
_bВ.А.
_gВасилий Аполлонович
702 1 _aМоисеенко
_bИ.Е.
_4340
702 1 _aЛискун
_bЕ.Ф.
_4340
702 1 _aТерентьев
_bН.Н.
_4340
801 0 _aRU
_bNLR
_gpsbo
801 1 _aRU
_bELAR
_2rusmarc
852 _aNLR
_bС
_j90 В-1/6
942 _cBOOK
980 _aNB